000 00401 a2200169 4500
001 186897
020 _a85-16-01224-7
040 _cMagnum
100 _aOliveira, Aurelio de
240 1 0 _aO gatinho nicolau e os cinco anoezinhos
_lpor
245 1 0 _aO gatinho nicolau e os cinco anoezinhos
300 _a30
362 0 _a1995
440 1 _aModerna
697 _aLITERATURA INFANTO
942 _cBK
999 _c186897
_d186897